LEADER 00636nab a2200145 i 4500 001 000000277799 003 CaOOAMICUS 005 20120911000000.0 008 120911n xx uu u0 0und r 013 $a28410 040 $aSeMil$bita 245 10$aSettimana dal 3 al 9 settembre. - [86] p. - Titolo dalla copertina. - In copertina :$bServizi disponibili in rete. 500 $a[N. 2027-2028]. 773 0 $t[2012.$dRoma : Società per l'Informazione Religiosa (SIR), stampa 2012.$w()214370 996 $6245$aSettimana dal 3 al 9 settembre. - [86] p. - Titolo dalla copertina. - In copertina :$bServizi disponibili in rete.$9(OLS)http://semarc/title/362435 LEADER 01484nam a2200337 i 4500 001 000000192195 003 CaOOAMICUS 005 20160802000000.0 008 160802s2010 it u000 u mul u 013 $a170768 020 $a978-88-209-8350-5 040 $aSeMil$bita 245 12$aI Concordati dal 2000 al 2009 /$cJosé T. Martín de Agar. 260 $aCittà del Vaticano :$bLibreria Editrice Vaticana,$c2010. 300 $a317 v. ;$c21 cm. 490 0 $aCollectio vaticana ;$v6 500 $aIn testa al front. : Pontificia università della Santa Croce. 650 4$aConcordati.$0(OLS)http://semarc/subject/9171 650 4$aConcordati - Testi.$0(OLS)http://semarc/subject/519 650 4$aConcordati - Diritto ecclesiastico.$0(OLS)http://semarc/subject/31743 700 1 $aMartín de Agar y Valverde, José Thomas.$0(OLS)http://semarc/name/17270 710 2 $aSanta Sede.$0(OLS)http://semarc/name/1304 830 0$aCollectio vaticana ;$v6.$0(OLS)http://semarc/title/5946 850 $aSeMil 852 $aSeMil$W1$xVenegono$y1$mSL1.F II 3$j142771$B142771$CSeMilBibl$Z2$F158017 $8I 910 2 $aChiesa Cattolica. 961 $aAcquisto: L.S. srl 996 $6020$a978-88-209-8350-5$9(OLS)http://semarc/number/183395 996 $6245$aI Concordati dal 2000 al 2009$9(OLS)http://semarc/title/276945 996 $6260$aCittà del Vaticano :$bLibreria Editrice Vaticana$9(OLS)http://semarc/publisher/29734